000 01716nam0a2200325 4500
001 RU\NLR\bibl\534856
005 20250609152243.0
010 _a5-696-02520-Х
_9100
021 _aRU
_b2004-4274
_9221
035 _a(NLR Aleph) 000527136
090 _a1329802
_c1329802
100 _a20040629d2002 |||y0rusy50 ca
101 0 _arus
_ager
102 _aRU
105 _ay |||||||||
200 1 _aНемецкий язык
_eСб. текстов
_e[Пособие для студентов II курса спец. "Проектирование и технология изделий сервиса"]
_fИ.А. Антропова, С.М. Кукк, А.Ю. Серебрякова
_gМ-во образования Рос. Федерации, Юж.-Урал. гос. ун-т. Златоуст. фил. Каф. соц.-полит. и гуманит. наук
210 _aЧелябинск
_cЮУрГУ
_d2002
215 _a22, [2] с.
_d20
320 _aБиблиогр. в конце кн. (14 назв.)
606 0 _aНемецкий язык
_jРуководства, пособия и т.п. для высшей школы
_91063964
_3RU\NLR\auth\66413315
606 0 _aНемецкий язык
_jУчебные издания для высших учебных заведений
_91063964
_3RU\NLR\auth\66413315
686 _aШ143.24-93рус 329.31
700 1 _aАнтропова
_bИ. А.
_gИрина Александровна
_4070
701 1 _aКукк
_bС. М.
_gСветлана Михайловна
_4070
701 1 _aСеребрякова
_bА. Ю.
_gАнна Юрьевна
_4070
801 0 _aRU
_bNLR
_c20040629
_gPSBO
801 1 _aRU
_bNLR
_c20040629
942 _cBOOK
980 _aNB